000 00608nam a22002177a 4500
008 210203b xxu||||| |||| 00| 0 eng d
020 _a9789994616176
082 _a616.9041/G344t
100 _aGhimire, Prakash
245 _a Textbook of medical microbiology.
260 _aKathmandu:
_bVidyarthi Pustak Bhandar,
_c2006.
300 _a419p. ; illus.
504 _aBibliography:p.419.
650 _aMicrobiology
650 _aBacteriology
_99427
650 _aParasitology
650 _aVirology
_99428
650 _aBacteriology.
_99427
700 _aParajuli, Keshab.
_935869
942 _2ddc
_cISBN
999 _c98101
_d98090